000 00403nam a22001697a 4500
003 MPLRDC
005 20220104144103.0
008 210129b ||||| |||| 00| 0 eng d
082 _a857.9 JY-7 v.1 c.11
100 _a金庸
245 _a飞狐外传. 上
_c
250 _a九版
260 _a
_b明河出版社
_c1989
300 _b
650 _a武侠小说
942 _cBK
_o857.9 JY-7 v.1 c.11
999 _c46240
_d46230